San Antonio ... ou pas - Statistiques

Statistiques générales
  • Ce quiz a été pris 474 fois
  • Le résultat moyen est 5 sur 19
Answers on the Grid
Answers color-coded by a green-red scale on the quiz's grid according to % correct below.
Laissez tomber la fille
A prendre ou à lécher
Fais-moi des trucs
Ça tourne au vinaigre
Le gala des empaffés
J'ai peur des mouches
Fleur de nave vinaigrette
Valsez, pétasses
Le cri du morpion
Béru met le paquet
Les morues se dessalent
Pleins feux sur la turlutte
Des gonzesses comme s'il en pleuvait
En peignant la girafe
Bacchanale chez la mère Tatzi
J'ai bien l'honneur de vous sauter
Tout le plaisir est pour moi
De l'antigel dans le calbute
Du plomb dans la vaseline
Mets ton doigt où j'ai mon doigt
Ça ne s'invente pas
L'année de la morue
Faites chauffer la colle
Ça baigne dans le vinaigre
La pute enchantée
Passez-moi la pommade
Des dragées sans baptême
Le pétomane ne répond plus
En long, en large et en travers
Certaines l'aiment chaud
 
Statistiques - réponses
Réponse % Correct
Des gonzesses comme s'il en pleuvait
53%
Tout le plaisir est pour moi
40%
En peignant la girafe
33%
Fleur de nave vinaigrette
33%
La pute enchantée
33%
Mets ton doigt où j'ai mon doigt
33%
Bacchanale chez la mère Tatzi
27%
Des dragées sans baptême
27%
En long, en large et en travers
27%
J'ai peur des mouches
27%
Le cri du morpion
27%
Le pétomane ne répond plus
27%
Les morues se dessalent
27%
A prendre ou à lécher
20%
Ça ne s'invente pas
20%
Ça tourne au vinaigre
20%
De l'antigel dans le calbute
20%
Faites chauffer la colle
20%
Laissez tomber la fille
13%
Aucun quiz correspondant
Distribution des résultats
% des personnes avec chaque résultat
Percentile par nombre de réponses
Votre historique - résultats
Vous n’avez pas pris ce quiz